000 00635nam a22001817a 4500
003 UA-OsUOA
001 14691
007 ta
008 20031016b un ||||| |||| 00| 0 ukr d
100 _aМартинюк В.
942 _cSA
040 _aUA-OsUOA
_cUA-OsUOA
_dUA-OsUOA
245 _aНа поклик поля Берестецького [активісти дит. козац. руху Радивилівщини зібрались на околиці с.Пляшева]
300 _aС.13
955 _a0
773 0 _w0
_tВільне слово
_dРівне
_d2003
_g№51/52/4 лип./
650 7 _aКозацький рух
_2UDC
999 _c300855
_d300855